00749nam a22002297a 450000500170000001000140001702000100003103500140004103700160005504000120007108200220008324500570010526000420016227000140020430000230021850000190024165000340026065000450029494200310033999900190037095201300038920170124110008.0 aTA-004860 c00.00 aTA-004860 bCen Lib/Ret aDPLbEN a303.48254052bLOT aThe lotus and the chrysanthemum :bIndia and Japan / bThe Embassy of Japanc1977aNew Delhi bNew Delhi a130p. :c18cm(pbk) aIncludes index aJapan's Modernization.917173 aIndo-japanese Economic relations.917174 2ddccENh303.48254052mLOT c126299d126299 00104070aLbLd2015-06-25eCen Lib/Retg0.00l0o303.48254052 LOTpTA-004860r2015-06-25 00:00:00t1v0.00w2016-09-15yEN